CPD and all that! (sound recording) (Record no. 85281)

MARC details
000 -LEADER
fixed length control field 00919cgm a2200253 4500
001 - CONTROL NUMBER
control field B3142
008 - FIXED-LENGTH DATA ELEMENTS--GENERAL INFORMATION
fixed length control field 090401t1990 xxu||||| |||| 00| 0 eng d
035 ## - SYSTEM CONTROL NUMBER
System control number (Sirsi) u54268
041 ## - LANGUAGE CODE
Language code of text/sound track or separate title eng
050 ## - LIBRARY OF CONGRESS CALL NUMBER
Classification number 333.0023
100 ## - MAIN ENTRY--PERSONAL NAME
Personal name Edge, Joanna
245 ## - TITLE STATEMENT
Title CPD and all that! (sound recording)
260 ## - PUBLICATION, DISTRIBUTION, ETC.
Place of publication, distribution, etc. London
Name of publisher, distributor, etc. Royal Institution of Chartered Surveyors
Date of publication, distribution, etc. 1990
300 ## - PHYSICAL DESCRIPTION
Extent 1 sound cassette (60 min.)
350 ## - PRICE (NR) (BK AM CF MU VM SE) [OBSOLETE]
Price 10
490 ## - SERIES STATEMENT
Series statement Owlion Audio Programme
520 ## - SUMMARY, ETC.
Summary, etc. Published jointly with the College of Estate Management . CPS, compulsory for all Chartered Surveyors from 1st January 1991 is explained in practical terms by representatives of the CPD Sub-Committee of the RICS`s Education and Membership Committee.
650 ## - SUBJECT ADDED ENTRY--TOPICAL TERM
Topical term or geographic name entry element AUDIO CASSETTES
650 ## - SUBJECT ADDED ENTRY--TOPICAL TERM
Topical term or geographic name entry element ABOUT RICS-RICS MEMBERS
650 ## - SUBJECT ADDED ENTRY--TOPICAL TERM
Topical term or geographic name entry element CONTINUING PROFESSIONAL DEVELOPMENT
700 ## - ADDED ENTRY--PERSONAL NAME
Personal name Vine, Dennis
942 ## - ADDED ENTRY ELEMENTS (KOHA)
Suppress in OPAC 0
948 ## - LOCAL PROCESSING INFORMATION (OCLC); SERIES PART DESIGNATOR (RLIN)
c (OCLC) 04/03/1997
Holdings
Withdrawn status Lost status Source of classification or shelving scheme Damaged status Not for loan Home library Current library Shelving location Date acquired Cost, normal purchase price Total Checkouts Full call number Barcode Date last seen Date last checked out Copy number Cost, replacement price Price effective from Koha item type
    Dewey Decimal Classification     London London Basement 14/09/1999 10.00 2 SHELF 330 30031928 06/08/2019 13/04/2000 1 10.00 06/08/2019 Audio